Click Chain #31 - Geography - Statistics

General Stats
  • This quiz has been taken 2,181 times
  • The average score is 17 of 24
Answer Stats
Hint Answer % Correct
Nashville, the country music capital, is also the capital of … Tennessee
97%
Which was also a major city in Ancient … Egypt
88%
Which is the namesake of the world’s most important … Canal
87%
Whose second largest city is … Memphis
86%
Which is what connects Atlantic to Pacific in the country of … Panama
84%
Who has a Red Sea Port city named … Suez
84%
Where the official language is … Spanish
82%
Which is bordered to the south by … Colombia
74%
Whose largest city is … São Paulo
73%
Where the majority language is … Dutch
72%
Which serves as a … State Capital
72%
Who, in the 17th century, took control of the … Spice Islands
70%
Which is also the official language of … Guatemala
69%
Which is also the official language of … Netherlands
69%
Which is the western neighbour of … Belize
68%
Which could be translated to mean … St. Paul
68%
Who also colonized … Brazil
67%
Which shares a suffix with … Indianapolis
67%
Which were originally colonized by … Portugal
67%
Which is also true of … Nashville
66%
Where the majority language is … English
64%
Which has a bit more land area than its neighbour … Suriname
63%
Who is one of the twin cities, along with … Minneapolis
60%
Which is also the majority language of the nation of … Guyana
53%
No matching quizzes found
Score Distribution
Percent of People with Each Score
Percentile by Number Answered
Your Score History
You have not taken this quiz